Library of the University of Algiers 3
Ibrahim Sultan Cheibout
شعار جامعة الجزائر 3
مكتبة جامعة الجزائر 3
إبراهيم سلطان شيبوط

بحوث العمليات وتطبيقاتها في حل المشكلات واتخاذ القرارات الجزء الأول : (رقم التسجيلة. 45232)

تفاصيل مارك
000 -LEADER
fixed length control field 01134nam a2200229Ia 4500
003 - CONTROL NUMBER IDENTIFIER
control field Ost
005 - DATE AND TIME OF LATEST TRANSACTION
control field 20260507075632.0
008 - FIXED-LENGTH DATA ELEMENTS--GENERAL INFORMATION
fixed length control field 260507s9999||||xx |||||||||||||| ||und||
020 ## - INTERNATIONAL STANDARD BOOK NUMBER
International Standard Book Number 7171504977
040 ## - CATALOGING SOURCE
Transcribing agency fsecg
041 ## - LANGUAGE CODE
Language code of text/sound track or separate title ara
082 ## - DEWEY DECIMAL CLASSIFICATION NUMBER
Classification number 519.72
100 ## - MAIN ENTRY--PERSONAL NAME
Personal name زين الدين، فريد عبد الفتاح
Relator term مؤلف
245 #0 - TITLE STATEMENT
Title بحوث العمليات وتطبيقاتها في حل المشكلات واتخاذ القرارات الجزء الأول :
Remainder of title البرمجة الخطية /
Statement of responsibility, etc. فريد عبد الفتاح زين الدين
260 ## - PUBLICATION, DISTRIBUTION, ETC.
Place of publication, distribution, etc. [دون مكان]:
Name of publisher, distributor, etc. [دون ناشر],
Date of publication, distribution, etc. 1996
300 ## - PHYSICAL DESCRIPTION
Extent 593 صفحة؛
Other physical details إيضاحات ؛
Dimensions 24 سم
504 ## - BIBLIOGRAPHY, ETC. NOTE
Bibliography, etc. note المراجع ص.591
520 ## - SUMMARY, ETC.
Summary, etc. تجد في هذا الكتاب : البرامج الخطية والحل البياني، طريقة السملكس ،تحليل الحساسية والثنائية للبرامج الخطية ،برمجة الأهداف ،طرق خاصة في البرامج الخطية وطريقة التخصيص
653 ## - INDEX TERM--UNCONTROLLED
Uncontrolled term البرمجة الخطية
653 ## - INDEX TERM--UNCONTROLLED
Uncontrolled term بحوث العمليات
942 ## - ADDED ENTRY ELEMENTS (KOHA)
Koha item type كتب
المقتنيات
Withdrawn status Lost status Source of classification or shelving scheme Damaged status Not for loan Home library Current library Date acquired Serial enumeration / chronology Inventory number Total checkouts Full call number Barcode Date last seen Price effective from Koha item type
    Dewey Decimal Classification   NOT LOAN / إعارة داخلية مكتبة كلية العلوم الإقتصادية والعلوم التجارية وعلوم التسيير مكتبة كلية العلوم الإقتصادية والعلوم التجارية وعلوم التسيير 07/05/2026 الطابق الأرضي 741/1   أ/741ن1 741/1 07/05/2026 07/05/2026 كتب

موارد الويب المفتوحة


© University of Algiers 3 All Rights Reserved
|
Implemented by LECHELAH Riad